000 01003aab a2200205 i 4500
001 768714001
003 CO-MdFUSB
005 20250726121557.0
008 240326t1992 ag ||||| |||| 00| 0 spa d
040 _bspa
_cCO-MdFUSB
041 _aspa
100 1 _aRooy, Sidney
_eautor
245 1 3 _aLa llegada de los hugonotes a Florida (parte I)
_c/ Sidney Rooy
300 _aVolumen 11, número 3 (julio - septiembre, 1992), páginas: 26 - 28
_c; 27 cm
520 _aun Informe enviado desde México al Rey Felipe II rezaba: "puesto que son luteranos... no es necesario dejar a nadie con vida, sino imponerles un castigo ejemplar, que puedan recordarlo por siempre" Se denominan "hugonotes" a los protestantes franceses que eran seguidores de Juan Calvino, el reformador francés exiliado por su fe en Ginebra.
653 _aHugonote
773 0 _tIglesia y Misión
_049402
_959656
_gVolumen 11, número 3 (julio - septiembre, 1992), páginas: 26 - 28
_qpáginas: 26
942 _cANA
945 _aJTF-925
999 _c51971
_d51971